AK’s General Knowledge A-Z #67 - Statistics

General Stats
  • This quiz has been taken 349 times
  • The average score is 15 of 26
Answer Stats
Hint Answer % Correct
F – not Monday, but named after Freya Friday
95%
Q – this thing you’re doing now Quiz
90%
M – Richard, Karl or Groucho Marx
86%
G – country on the north-western side of El Salvador Guatemala
84%
B – edges of a river, or name of the family in Mary Poppins Banks
77%
V – a patient with severe brain damage, or a cucumber Vegetable
76%
A – country where Alexander Van der Bellen is president since 2017 Austria
73%
U – H. C. Andersen’s tale where a young duck is bullied by the other farm animals The Ugly Duckling
73%
T – African capital closest to Rome Tunis
71%
O – Sam Smith’s Spectre theme song “Writing’s __ ___ ____” On the Wall
67%
S – the player who calls the shots in curling, or what Ferris Bueller did to school Skip
64%
N – drama series set in Colombia; seasons 1 and 2 are based on the story of drug lord Pablo Escobar Narcos
63%
H – is “cap” in Romanian, or “tête” in French Head
62%
K – 2 to the 10th power, or 1024, bytes Kilobyte
61%
D – first name of author Tartt, or woman in Italian Donna
55%
I – sci-fi martial arts TV series ____ The Badlands Into
54%
Y – Australian (Scottish-born) brothers Malcolm and Angus who formed AC/DC in 1973 Young
43%
J – English physician who created the smallpox vaccine and thus saved millions of people Edward Jenner
42%
W – southern part of Belgium Wallonia
39%
E – a complex mechanical device that converts energy into useful motion or physical effects Engine
37%
R – rough, riotous or just boisterous, or nickname of wrestler Ronda Rousey Rowdy
37%
Z – supervillain and Superman’s enemy, General ___ Zod
35%
C – Wii video game Link’s ________ Training, known in Japan as Link’s Bowgun Training Crossbow
32%
L – the second largest river in Africa that drains to the Indian Ocean Limpopo
24%
X – is ...-- ..--- in Morse code, “trettiotvå” in Swedish, _____ in Roman numerals XXXII
24%
P – wrote an erotic novel and Commentaries, the only published autobiography by a reigning pope Pius II
19%
No matching quizzes found
Score Distribution
Percent of People with Each Score
Percentile by Number Answered
Your Score History
You have not taken this quiz